Statement on industrial policy (Record no. 475524)

000 -LEADER
fixed length control field 00385cam a22001217a 4500
008 - FIXED-LENGTH DATA ELEMENTS--GENERAL INFORMATION
fixed length control field 180718b1992 xxu||||| |||| 00| 0 eng d
082 ## - DEWEY DECIMAL CLASSIFICATION NUMBER
Classification number T2x5432 H266p
245 ## - TITLE STATEMENT
Title Statement on industrial policy
Statement of responsibility, etc. by Department of Industries
260 ## - PUBLICATION, DISTRIBUTION, ETC.
Place of publication, distribution, etc. Chandigarh
Name of publisher, distributor, etc. The author
Date of publication, distribution, etc. 1992
300 ## - PHYSICAL DESCRIPTION
Extent 13p.
650 ## - SUBJECT ADDED ENTRY--TOPICAL TERM
Topical term or geographic name entry element Industrial Development - India - Haryana
700 ## - ADDED ENTRY--PERSONAL NAME
Personal name Haryana. Department of Industr
Holdings
Withdrawn status Lost status Damaged status Not for loan Permanent Location Current Location Date acquired Full call number Barcode Date last seen Price effective from Koha item type
        Indian Institute of Public Administration Indian Institute of Public Administration 2018-08-04 T2x5432 H266p GG21458 2018-08-04 2018-08-04 GG

Powered by Koha